[Event "22nd Abu Dhabi Int. Chess Festival  Masters Tourna"]
[Site "Abu Dhabi"]
[Date "2015.08.25"]
[Round "3"]
[Board "9"]
[White "Esen, Baris"]
[Black "Kravtsiv, Martyn"]
[Result "1/2-1/2"]
[WhiteElo "2567"]
[BlackElo "2599"]
[PlyCount "0"]
[EventDate "2015.08.23"]
[EventRounds "9"]
[EventCountry "UAE"]

1. c4 {[%clk 1:30:56]} e6 {[%clk 1:30:40]} 2. Nc3 {[%clk 1:31:14]} d5
{[%clk 1:31:00]} 3. d4 {[%clk 1:31:36]} Be7 {[%clk 1:31:21]} 4. Bf4
{[%clk 1:31:56]} Nf6 {[%clk 1:31:35]} 5. e3 {[%clk 1:32:14]} O-O {[%clk 1:30:47]}
6. a3 {[%clk 1:32:37]} b6 {[%clk 1:15:17]} 7. Nb5 {[%clk 1:32:58]} Na6
{[%clk 1:12:26]} 8. Nf3 {[%clk 1:33:19]} Bb7 {[%clk 1:09:30]} 9. Qc2
{[%clk 1:33:31]} c6 {[%clk 0:59:16]} 10. Nc3 {[%clk 1:33:51]} Nc7
{[%clk 0:59:41]} 11. Rd1 {[%clk 1:26:58]} Rc8 {[%clk 0:57:12]} 12. e4
{[%clk 1:24:36]} dxe4 {[%clk 0:49:33]} 13. Nxe4 {[%clk 1:24:56]} Nxe4
{[%clk 0:49:55]} 14. Qxe4 {[%clk 1:25:18]} Ne8 {[%clk 0:50:21]} 15. Be2
{[%clk 1:21:32]} Bd6 {[%clk 0:31:12]} 16. O-O {[%clk 1:04:55]} Nf6
{[%clk 0:26:25]} 17. Qe3 {[%clk 1:03:44]} Bxf4 {[%clk 0:26:22]} 18. Qxf4
{[%clk 1:04:06]} Qc7 {[%clk 0:25:38]} 19. Qxc7 {[%clk 1:01:32]} Rxc7
{[%clk 0:26:02]} 20. b4 {[%clk 0:59:44]} Rd8 {[%clk 0:23:44]} 21. Ne5
{[%clk 0:55:26]} Kf8 {[%clk 0:22:16]} 22. Bf3 {[%clk 0:52:15]} Nd7
{[%clk 0:20:49]} 23. c5 {[%clk 0:48:55]} Ke7 {[%clk 0:20:18]} 24. Rfe1
{[%clk 0:45:22]} Nxe5 {[%clk 0:11:38]} 25. dxe5 {[%clk 0:45:38]} Rxd1
{[%clk 0:11:58]} 26. Rxd1 {[%clk 0:46:00]} f6 {[%clk 0:12:21]} 27. Be4
{[%clk 0:45:57]} fxe5 {[%clk 0:12:32]} 28. Bxh7 {[%clk 0:46:14]} bxc5
{[%clk 0:10:29]} 29. bxc5 {[%clk 0:46:37]} Ba6 {[%clk 0:10:57]} 30. f3
{[%clk 0:35:25]} Bc4 {[%clk 0:09:40]} 31. Kf2 {[%clk 0:35:27]} Rb7
{[%clk 0:08:03]} 32. Rb1 {[%clk 0:33:16]} Rd7 {[%clk 0:08:28]} 33. Ke3
{[%clk 0:29:11]} Bb5 {[%clk 0:08:32]} 34. h4 {[%clk 0:21:07]} Rd5
{[%clk 0:07:06]} 35. Rc1 {[%clk 0:21:07]} Rd4 {[%clk 0:06:18]} 36. Be4
{[%clk 0:21:19]} Bc4 {[%clk 0:05:02]} 37. Bxc6 {[%clk 0:17:25]} Rxh4
{[%clk 0:05:20]} 38. Rd1 {[%clk 0:06:36]} a6 {[%clk 0:05:47]} 39. Rd7+
{[%clk 0:04:37]} Kf6 {[%clk 0:06:11]} 40. Be4 {[%clk 0:04:55]} Bb5
{[%clk 0:03:24]} 41. c6 {[%clk 0:04:38]} Rh1 {[%clk 0:01:13]} 42. Ra7
{[%clk 0:02:50]} Rc1 {[%clk 0:01:04]} 43. c7 {[%clk 0:03:12]} Bd7
{[%clk 0:00:33]} 44. Bd3 {[%clk 0:01:17]} Bb5 {[%clk 0:00:40]} 45. Kd2
{[%clk 0:00:53]} Rc5 {[%clk 0:01:06]} 46. Bb1 {[%clk 0:00:56]} g5
{[%clk 0:00:43]} 47. g4 {[%clk 0:00:49]} Bd7 {[%clk 0:00:34]} 48. Bc2
{[%clk 0:00:42]} Bb5 {[%clk 0:00:33]} 49. a4 {[%clk 0:00:35]} Bd7
{[%clk 0:00:42]} 50. Rxa6 {[%clk 0:00:34]} Rxc7 {[%clk 0:01:05]} 51. a5
{[%clk 0:00:41]} Bc6 {[%clk 0:00:45]} 52. Bb3 {[%clk 0:00:34]} Rd7+
{[%clk 0:00:56]} 53. Ke3 {[%clk 0:00:51]} Bd5 {[%clk 0:01:22]} 54. Bxd5
{[%clk 0:00:31]} Rxd5 {[%clk 0:01:45]} 55. Ra8 {[%clk 0:00:46]} e4
{[%clk 0:00:34]} 56. Kxe4 {[%clk 0:00:38]} Rb5 {[%clk 0:00:36]} 57. a6
{[%clk 0:01:01]} Rb4+ {[%clk 0:00:50]} 58. Ke3 {[%clk 0:01:17]} Ke5
{[%clk 0:00:44]} 59. a7 {[%clk 0:00:32]} Ra4 {[%clk 0:01:08]} 60. Kd3
{[%clk 0:00:36]} Ra3+ {[%clk 0:01:21]} 61. Kc4 {[%clk 0:00:48]} Ra1
{[%clk 0:01:41]} 62. Kb4 {[%clk 0:00:35]} Rb1+ {[%clk 0:01:54]} 63. Kc5
{[%clk 0:01:01]} Rc1+ {[%clk 0:02:17]} 64. Kb5 {[%clk 0:00:39]} Ra1
{[%clk 0:02:24]} 65. Kc4 {[%clk 0:00:59]} Rc1+ {[%clk 0:02:31]} 66. Kd3
{[%clk 0:01:26]} Ra1 {[%clk 0:02:47]} 67. Ke2 {[%clk 0:01:52]} Ra2+
{[%clk 0:02:46]} 68. Kd1 {[%clk 0:02:19]} Ra1+ {[%clk 0:02:54]} 69. Kc2
{[%clk 0:02:45]} Ra2+ {[%clk 0:03:04]} 70. Kb1 {[%clk 0:03:12]} Ra6
{[%clk 0:02:58]} 71. Kb2 {[%clk 0:03:38]} Ra5 {[%clk 0:03:08]} 72. Kc3
{[%clk 0:04:04]} Ra1 {[%clk 0:03:18]} 73. Kb3 {[%clk 0:04:30]} Ra6
{[%clk 0:03:29]} 74. Kb4 {[%clk 0:04:54]} Ra1 {[%clk 0:03:52]} 75. Kb5
{[%clk 0:01:33]} Ra3 {[%clk 0:03:15]} 76. Kb6 {[%clk 0:01:19]} Rb3+
{[%clk 0:03:04]} 77. Kc7 {[%clk 0:01:42]} Ra3 {[%clk 0:03:30]} 78. Kd7
{[%clk 0:01:57]} Rxf3 {[%clk 0:00:35]} 79. Re8 {[%clk 0:01:20

[Event "22nd Abu Dhabi Int. Chess Festival  Masters Tourna"]
[Site "Abu Dhabi"]
[Date "2015.08.25"]
[Round "3"]
[Board "18"]
[White "Kovchan, Alexander"]
[Black "Abhishek, Kelkar"]
[Result "1/2-1/2"]
[WhiteElo "2605"]
[BlackElo "2400"]
[PlyCount "0"]
[EventDate "2015.08.23"]
[EventRounds "9"]
[EventCountry "UAE"]

1. e4 {[%clk 1:30:57]} e6 {[%clk 1:29:54]} 2. d4 {[%clk 1:31:18]} d5
{[%clk 1:30:18]} 3. Nc3 {[%clk 1:31:41]} Bb4 {[%clk 1:30:42]} 4. Nge2
{[%clk 1:30:58]} dxe4 {[%clk 1:30:33]} 5. a3 {[%clk 1:31:08]} Be7
{[%clk 1:30:51]} 6. Nxe4 {[%clk 1:29:35]} Nf6 {[%clk 1:31:09]} 7. Nxf6+
{[%clk 1:15:40]} Bxf6 {[%clk 1:30:17]} 8. Be3 {[%clk 1:16:04]} O-O
{[%clk 1:25:23]} 9. Qd2 {[%clk 1:12:45]} Nc6 {[%clk 1:07:25]} 10. O-O-O
{[%clk 1:10:43]} Ne7 {[%clk 1:02:35]} 11. g4 {[%clk 1:08:59]} Nd5
{[%clk 1:02:17]} 12. Bg2 {[%clk 0:57:38]} b5 {[%clk 0:58:49]} 13. Nc3
{[%clk 0:44:59]} Bb7 {[%clk 0:58:19]} 14. Ne4 {[%clk 0:43:46]} Nxe3
{[%clk 0:55:52]} 15. Qxe3 {[%clk 0:40:30]} Bxe4 {[%clk 0:54:31]} 16. Bxe4
{[%clk 0:40:38]} Rb8 {[%clk 0:54:53]} 17. h4 {[%clk 0:40:07]} b4 {[%clk 0:55:06]}
18. axb4 {[%clk 0:36:36]} Rxb4 {[%clk 0:51:34]} 19. c3 {[%clk 0:37:03]} Rb6
{[%clk 0:51:31]} 20. g5 {[%clk 0:32:28]} Be7 {[%clk 0:51:56]} 21. f4
{[%clk 0:32:11]} Qd7 {[%clk 0:51:50]} 22. Bc2 {[%clk 0:23:54]} Rfb8
{[%clk 0:45:59]} 23. b4 {[%clk 0:21:16]} a5 {[%clk 0:32:56]} 24. Qd3
{[%clk 0:20:20]} g6 {[%clk 0:32:49]} 25. h5 {[%clk 0:20:15]} Bd6 {[%clk 0:32:18]}
26. hxg6 {[%clk 0:17:26]} Bxf4+ {[%clk 0:26:15]} 27. Kb2 {[%clk 0:17:50]} fxg6
{[%clk 0:14:41]} 28. Bb3 {[%clk 0:16:51]} axb4 {[%clk 0:13:13]} 29. c4
{[%clk 0:17:18]} c5 {[%clk 0:06:20]} 30. Qe4 {[%clk 0:16:49]} Qc7
{[%clk 0:05:49]} 31. Rh3 {[%clk 0:12:30]} Bxg5 {[%clk 0:03:35]} 32. Rdh1
{[%clk 0:12:58]} Bf6 {[%clk 0:02:25]} 33. Rxh7 {[%clk 0:13:16]} Qxh7
{[%clk 0:02:33]} 34. Rxh7 {[%clk 0:13:38]} Kxh7 {[%clk 0:02:37]} 35. Bc2
{[%clk 0:13:48]} Bxd4+ {[%clk 0:02:27]} 36. Kb3 {[%clk 0:13:28]} e5
{[%clk 0:02:22]} 37. Qh4+ {[%clk 0:13:38]} Kg7 {[%clk 0:02:48]} 38. Qe7+
{[%clk 0:13:51]} Kh6 {[%clk 0:03:02]} 39. Be4 {[%clk 0:12:41]} Ra6
{[%clk 0:03:17]} 40. Qh4+ {[%clk 0:12:49]} Kg7 {[%clk 0:03:41]} 41. Qe7+
{[%clk 0:13:15]} Kh6 {[%clk 0:04:07]} 42. Qh4+ {[%clk 0:13:27]} Kg7
{[%clk 0:04:34]} 43. Qe7+ {[%clk 0:13:53]} Kh6 {[%clk 0:04:54]} 44. Qh4+
{[%clk 0:13:48]} 1/2-1/2

[Event "22nd Abu Dhabi Int. Chess Festival  Masters Tourna"]
[Site "Abu Dhabi"]
[Date "2015.08.25"]
[Round "3"]
[Board "41"]
[White "Sultan, Ibrahim"]
[Black "Kowsarinia, Amir"]
[Result "1/2-1/2"]
[WhiteElo "1983"]
[BlackElo "2332"]
[PlyCount "0"]
[EventDate "2015.08.23"]
[EventRounds "9"]
[EventCountry "UAE"]

1. d4 {[%clk 1:29:08]} d5 {[%clk 1:30:43]} 2. c4 {[%clk 1:29:33]} e6
{[%clk 1:31:08]} 3. Nc3 {[%clk 1:29:54]} c5 {[%clk 1:31:23]} 4. cxd5
{[%clk 1:29:51]} exd5 {[%clk 1:31:47]} 5. Nf3 {[%clk 1:22:25]} Nc6
{[%clk 1:31:52]} 6. Be3 cxd4 {[%clk 1:27:50]} 7. Nxd4 {[%clk 1:19:49]} Nf6
{[%clk 1:28:01]} 8. g3 {[%clk 1:20:06]} Be7 {[%clk 1:19:19]} 9. Bg2
{[%clk 1:20:10]} O-O {[%clk 1:19:43]} 10. O-O {[%clk 1:18:55]} Be6
{[%clk 1:18:31]} 11. Nxc6 {[%clk 1:15:19]} bxc6 {[%clk 1:18:53]} 12. Na4
{[%clk 1:15:46]} Qa5 {[%clk 1:11:34]} 13. Rc1 {[%clk 1:15:44]} Rfc8
{[%clk 1:09:50]} 14. Bc5 {[%clk 1:11:10]} Bxc5 {[%clk 1:08:25]} 15. Rxc5
{[%clk 1:11:31]} Qa6 {[%clk 1:08:47]} 16. b3 {[%clk 1:11:48]} Bf5
{[%clk 1:01:06]} 17. Qd2 {[%clk 0:46:38]} Re8 {[%clk 0:57:13]} 18. e3
{[%clk 0:46:52]} Ne4 {[%clk 0:56:03]} 19. Bxe4 {[%clk 0:47:16]} Bxe4
{[%clk 0:56:29]} 20. f3 {[%clk 0:47:01]} Bf5 {[%clk 0:53:38]} 21. Rfc1
{[%clk 0:46:57]} Rac8 {[%clk 0:52:01]} 22. Kf2 {[%clk 0:40:17]} Qb7
{[%clk 0:48:59]} 23. Qd4 {[%clk 0:33:20]} Qd7 {[%clk 0:47:36]} 24. Nc3
{[%clk 0:30:27]} Qd6 {[%clk 0:46:32]} 25. Ne2 {[%clk 0:29:07]} g5
{[%clk 0:37:23]} 26. Qd2 {[%clk 0:19:22]} Bd7 {[%clk 0:26:44]} 27. Nd4
{[%clk 0:18:47]} Re5 {[%clk 0:13:03]} 28. R1c3 {[%clk 0:18:10]} f5
{[%clk 0:12:21]} 29. Qc1 {[%clk 0:17:41]} f4 {[%clk 0:11:25]} 30. exf4
{[%clk 0:14:40]} gxf4 {[%clk 0:11:50]} 31. Nxc6 {[%clk 0:12:18]} fxg3+
{[%clk 0:09:10]} 32. hxg3 {[%clk 0:12:23]} Rh5 {[%clk 0:08:29]} 33. Qf4
{[%clk 0:06:44]} Qxf4 {[%clk 0:06:36]} 34. gxf4 {[%clk 0:07:12]} Re8
{[%clk 0:04:38]} 35. Nd4 {[%clk 0:06:28]} Re7 {[%clk 0:03:47]} 36. a4
{[%clk 0:05:59]} Rg7 {[%clk 0:02:45]} 37. f5 {[%clk 0:06:14]} Rh2+
{[%clk 0:02:46]} 38. Ke3 {[%clk 0:06:27]} Re7+ {[%clk 0:02:51]} 39. Kd3
{[%clk 0:05:57]} Re5 {[%clk 0:02:58]} 40. Rc7 {[%clk 0:04:37]} Bxf5+
{[%clk 0:02:46]} 41. Nxf5 {[%clk 0:05:02]} Rxf5 {[%clk 0:03:13]} 42. Ke3
{[%clk 0:02:30]} Rh3 {[%clk 0:02:43]} 43. Kf2 {[%clk 0:02:53]} a5
{[%clk 0:02:49]} 44. Ra7 {[%clk 0:03:01]} Rf8 {[%clk 0:01:34]} 45. Rxa5
{[%clk 0:03:07]} Rh2+ {[%clk 0:02:01]} 46. Kg3 {[%clk 0:03:26]} Rd2
{[%clk 0:02:26]} 47. Ra7 {[%clk 0:03:31]} Rd1 {[%clk 0:01:48]} 48. Rd7
{[%clk 0:02:44]} h5 {[%clk 0:00:56]} 49. Kf2 {[%clk 0:01:25]} Rd2+
{[%clk 0:00:42]} 50. Ke3 {[%clk 0:01:29]} Rd1 {[%clk 0:01:08]} 51. Ke2
{[%clk 0:01:26]} Rd4 {[%clk 0:01:06]} 52. Rcc7 {[%clk 0:01:10]} Re8+
{[%clk 0:01:33]} 53. Re7 {[%clk 0:01:22]} Rxe7+ {[%clk 0:01:48]} 54. Rxe7
{[%clk 0:01:50]} Rb4 {[%clk 0:02:12]} 55. Re3 {[%clk 0:02:15]} Kf7
{[%clk 0:02:29]} 56. Kd2 {[%clk 0:02:09]} d4 {[%clk 0:02:02]} 57. Rd3
{[%clk 0:02:29]} Ke6 {[%clk 0:02:23]} 58. Kc2 {[%clk 0:02:54]} Ke5
{[%clk 0:02:24]} 59. Kb2 {[%clk 0:03:13]} Rb8 {[%clk 0:02:01]} 60. Ka3
{[%clk 0:03:25]} h4 {[%clk 0:02:04]} 61. Rd1 {[%clk 0:01:12]} h3 {[%clk 0:02:03]}
62. Re1+ {[%clk 0:00:54]} Kd5 {[%clk 0:02:27]} 63. f4 {[%clk 0:01:03]} h2
{[%clk 0:02:06]} 64. Re5+ {[%clk 0:01:24]} Kc6 {[%clk 0:02:09]} 65. Rh5
{[%clk 0:01:49]} Rf8 {[%clk 0:02:36]} 66. Rxh2 {[%clk 0:02:07]} Rxf4
{[%clk 0:03:03]} 67. Kb4 {[%clk 0:02:16]} Kd5 {[%clk 0:03:14]} 68. a5
{[%clk 0:02:07]} Rf8 {[%clk 0:03:26]} 69. Rh5+ {[%clk 0:01:28]} Ke4
{[%clk 0:03:44]} 70. a6 {[%clk 0:01:44]} d3 {[%clk 0:03:52]} 71. Rh4+
{[%clk 0:01:00]} Ke3 {[%clk 0:04:15]} 72. Rh3+ {[%clk 0:01:20]} Ke2
{[%clk 0:03:48]} 73. Rh2+ {[%clk 0:00:47]} Ke3 {[%clk 0:04:14]} 74. Rh3+
{[%clk 0:01:05]} Ke2 {[%clk 0:04:39]} 75. Rh7 {[%clk 0:01:04]} Rb8+
{[%clk 0:01:58]} 76. Ka4 {[%clk 0:00:39]} d2 {[%clk 0:01:30]} 77. Re7+
{[%clk 0:00:54]} Kd3 {[%clk 0:01:15]} 78. Rd7+ {[%clk 0:01:17]} Kc3
{[%clk 0:01:42]} 79. Rc7+ {[%clk 0:00:37

[Event "22nd Abu Dhabi Int. Chess Festival  Masters Tourna"]
[Site "Abu Dhabi"]
[Date "2015.08.25"]
[Round "3"]
[Board "49"]
[White "Heydarli, Kanan"]
[Black "Mokal, Amruta Sunil"]
[Result "1/2-1/2"]
[WhiteElo "2256"]
[BlackElo "2123"]
[PlyCount "0"]
[EventDate "2015.08.23"]
[EventRounds "9"]
[EventCountry "UAE"]

1. d4 {[%clk 1:30:58]} Nf6 {[%clk 1:30:03]} 2. Nf3 {[%clk 1:31:18]} e6
{[%clk 1:30:30]} 3. b3 {[%clk 1:29:18]} c5 {[%clk 1:15:27]} 4. e3
{[%clk 1:27:05]} Nc6 {[%clk 1:15:45]} 5. Bd3 {[%clk 1:22:26]} d5 {[%clk 1:07:54]}
6. O-O {[%clk 1:16:50]} Bd6 {[%clk 1:08:12]} 7. Bb2 {[%clk 1:16:01]} O-O
{[%clk 1:08:14]} 8. Nbd2 {[%clk 1:13:39]} Qc7 {[%clk 0:52:40]} 9. c4
{[%clk 0:49:10]} Qe7 {[%clk 0:24:33]} 10. Rc1 {[%clk 0:45:00]} cxd4
{[%clk 0:12:04]} 11. exd4 {[%clk 0:44:30]} Ba3 {[%clk 0:12:14]} 12. Qc2
{[%clk 0:43:02]} Rd8 {[%clk 0:07:47]} 13. Rfe1 {[%clk 0:39:54]} g6
{[%clk 0:02:55]} 14. Ne5 {[%clk 0:32:59]} Bxb2 {[%clk 0:01:15]} 15. Qxb2
{[%clk 0:30:00]} dxc4 {[%clk 0:00:42]} 16. Nxc6 {[%clk 0:30:24]} bxc6
{[%clk 0:01:09]} 17. Bxc4 {[%clk 0:30:16]} a5 {[%clk 0:00:33]} 18. Nf3
{[%clk 0:30:28]} Ba6 {[%clk 0:00:37]} 19. Ne5 {[%clk 0:30:42]} Rd6
{[%clk 0:00:38]} 20. Qa3 {[%clk 0:30:43]} Qd8 {[%clk 0:00:40]} 21. Qc5
{[%clk 0:29:02]} Bxc4 {[%clk 0:00:35]} 22. bxc4 {[%clk 0:27:36]} Rc8
{[%clk 0:00:37]} 23. Rb1 {[%clk 0:27:04]} Qc7 {[%clk 0:00:36]} 24. Nf3
{[%clk 0:26:40]} Nd7 {[%clk 0:00:38]} 25. Qg5 {[%clk 0:26:32]} c5
{[%clk 0:00:53]} 26. d5 {[%clk 0:26:39]} exd5 {[%clk 0:00:54]} 27. cxd5
{[%clk 0:26:08]} c4 {[%clk 0:00:33]} 28. Nd4 {[%clk 0:25:42]} Qd8
{[%clk 0:00:33]} 29. Qxd8+ {[%clk 0:26:03]} Rxd8 {[%clk 0:01:01]} 30. Nc6
{[%clk 0:26:28]} Ra8 {[%clk 0:01:12]} 31. Rb5 {[%clk 0:26:40]} Nf6
{[%clk 0:01:21]} 32. Rc1 {[%clk 0:25:35]} Kf8 {[%clk 0:00:37]} 33. Rxc4
{[%clk 0:25:24]} Rxd5 {[%clk 0:00:32]} 34. Rxd5 {[%clk 0:24:55]} Nxd5
{[%clk 0:01:02]} 35. Rc5 {[%clk 0:25:24]} Nb4 {[%clk 0:01:10]} 36. Nxb4
{[%clk 0:25:39]} axb4 {[%clk 0:01:38]} 37. Rb5 {[%clk 0:25:37]} Rxa2
{[%clk 0:01:56]} 38. g4 {[%clk 0:26:03]} Ra1+ {[%clk 0:00:33]} 39. Kg2
{[%clk 0:26:27]} Rb1 {[%clk 0:01:01]} 40. Rb7 {[%clk 0:26:46]} b3
{[%clk 0:00:35]} 41. g5 {[%clk 0:27:07]} Ke8 {[%clk 0:00:41]} 42. h4
{[%clk 0:27:29]} b2 {[%clk 0:00:31]} 43. Rb8+ {[%clk 0:22:50]} Ke7
{[%clk 0:00:52]} 44. Rb7+ {[%clk 0:22:42]} Kd6 {[%clk 0:01:17]} 45. Rb6+
{[%clk 0:22:32]} Kc7 {[%clk 0:01:31]} 46. Rb3 {[%clk 0:22:55]} Kc6
{[%clk 0:01:36]} 47. Rb8 {[%clk 0:22:57]} Kc5 {[%clk 0:01:41]} 48. f3
{[%clk 0:23:02]} Kd4 {[%clk 0:00:55]} 49. Rb7 {[%clk 0:23:10]} Kd3
{[%clk 0:00:39]} 50. Rd7+ {[%clk 0:23:31]} Ke3 {[%clk 0:00:59]} 51. Re7+
{[%clk 0:23:35]} Kd4 {[%clk 0:01:07]} 52. Rb7 {[%clk 0:23:55]} Kd5
{[%clk 0:01:22]} 53. Rb8 {[%clk 0:24:15]} Ke5 {[%clk 0:00:52]} 54. Rb6
{[%clk 0:24:33]} Kf4 {[%clk 0:00:35]} 55. Rb4+ {[%clk 0:24:51]} Ke5
{[%clk 0:00:33]} 56. Rb7 {[%clk 0:25:14]} Ke6 {[%clk 0:01:00]} 57. Rb6+
{[%clk 0:25:32]} Ke7 {[%clk 0:01:28]} 58. Rb8 {[%clk 0:25:56]} Kd7
{[%clk 0:01:40]} 59. Rb7+ {[%clk 0:26:14]} Ke8 {[%clk 0:02:02]} 60. Rb8+
{[%clk 0:26:20]} Ke7 {[%clk 0:02:30]} 61. Rb7+ {[%clk 0:26:32]} Kf8
{[%clk 0:02:25]} 62. Rb6 {[%clk 0:26:31]} Kg7 {[%clk 0:02:42]} 63. Rb7
{[%clk 0:26:56]} h6 {[%clk 0:02:54]} 64. Rb8 {[%clk 0:27:16]} Kh7
{[%clk 0:02:30]} 65. Rb7 {[%clk 0:27:39]} Kg7 {[%clk 0:02:55]} 66. Rb8
{[%clk 0:28:04]} Kh7 {[%clk 0:03:20]} 67. Rb7 {[%clk 0:28:28]} hxg5
{[%clk 0:03:42]} 68. hxg5 {[%clk 0:28:57]} Kg8 {[%clk 0:04:02]} 69. Rb8+
{[%clk 0:28:37]} Kg7 {[%clk 0:04:30]} 70. Rb5 {[%clk 0:28:52]} Kf8
{[%clk 0:04:55]} 71. Rb8+ {[%clk 0:29:12]} Ke7 {[%clk 0:05:19]} 72. Rb6
{[%clk 0:29:38]} Kd7 {[%clk 0:05:25]} 73. Rb3 {[%clk 0:29:49]} Kc6
{[%clk 0:01:36]} 74. Rb8 {[%clk 0:28:42]} Kd5 {[%clk 0:01:51]} 75. Rb5+
{[%clk 0:27:22]} Kc6 {[%clk 0:01:52]} 76. Rb8 {[%clk 0:27:32]} Kd6
{[%clk 0:02:20]} 77. Rb5 {[%clk 0:27:19]} Ke6 {[%clk 0:02:34]} 78. Rb7
{[%clk 0:27:42]} Ke5 {[%clk 0:02:53]} 79. R

[Event "22nd Abu Dhabi Int. Chess Festival  Masters Tourna"]
[Site "Abu Dhabi"]
[Date "2015.08.25"]
[Round "4"]
[Board "2"]
[White "Belous, Vladimir"]
[Black "Grandelius, Nils"]
[Result "0-1"]
[WhiteElo "2566"]
[BlackElo "2628"]
[PlyCount "0"]
[EventDate "2015.08.23"]
[EventRounds "9"]
[EventCountry "UAE"]

1. d4 {[%clk 1:29:24]} Nf6 {[%clk 1:30:35]} 2. c4 {[%clk 1:29:40]} e6
{[%clk 1:30:34]} 3. Nf3 {[%clk 1:26:38]} d5 {[%clk 1:30:32]} 4. g3
{[%clk 1:25:35]} Bb4+ {[%clk 1:29:29]} 5. Bd2 {[%clk 1:23:24]} Bd6
{[%clk 1:29:35]} 6. Bg2 {[%clk 1:22:05]} c6 {[%clk 1:28:43]} 7. Nc3
{[%clk 1:19:38]} Nbd7 {[%clk 1:27:04]} 8. O-O {[%clk 1:16:44]} dxc4
{[%clk 1:25:54]} 9. Bg5 {[%clk 1:09:02]} O-O {[%clk 1:18:36]} 10. Ne4
{[%clk 0:59:31]} Be7 {[%clk 1:16:43]} 11. Nxf6+ {[%clk 0:59:42]} Bxf6
{[%clk 1:17:08]} 12. Bxf6 {[%clk 0:59:30]} Qxf6 {[%clk 1:17:29]} 13. Qc2
{[%clk 0:52:16]} e5 {[%clk 1:14:08]} 14. Qxc4 {[%clk 0:52:11]} Nb6
{[%clk 0:56:13]} 15. Qb4 {[%clk 0:49:23]} exd4 {[%clk 0:52:30]} 16. Nxd4
{[%clk 0:48:18]} Be6 {[%clk 0:51:37]} 17. Nxe6 {[%clk 0:46:24]} Qxe6
{[%clk 0:51:02]} 18. a4 {[%clk 0:43:11]} Rab8 {[%clk 0:36:49]} 19. e3
{[%clk 0:40:48]} Nc4 {[%clk 0:31:40]} 20. Rfd1 {[%clk 0:34:58]} g6
{[%clk 0:25:12]} 21. b3 {[%clk 0:28:15]} Ne5 {[%clk 0:25:34]} 22. Rd6
{[%clk 0:28:33]} Qf5 {[%clk 0:19:51]} 23. Rad1 {[%clk 0:24:05]} Rfe8
{[%clk 0:19:44]} 24. Qc3 {[%clk 0:22:00]} Ng4 {[%clk 0:16:20]} 25. Qb2
{[%clk 0:21:45]} Ne5 {[%clk 0:15:34]} 26. Qe2 {[%clk 0:19:26]} Re6
{[%clk 0:14:30]} 27. R6d4 {[%clk 0:19:49]} Ree8 {[%clk 0:13:11]} 28. h3
{[%clk 0:18:57]} g5 {[%clk 0:10:13]} 29. Rd6 {[%clk 0:18:42]} Re6
{[%clk 0:10:07]} 30. Qh5 {[%clk 0:17:31]} h6 {[%clk 0:06:50]} 31. e4
{[%clk 0:15:43]} Qf6 {[%clk 0:04:55]} 32. R6d2 {[%clk 0:10:25]} Kg7
{[%clk 0:04:39]} 33. Rf1 {[%clk 0:09:15]} Rd8 {[%clk 0:04:34]} 34. Rxd8
{[%clk 0:08:45]} Qxd8 {[%clk 0:05:03]} 35. f4 {[%clk 0:08:43]} gxf4
{[%clk 0:05:06]} 36. gxf4 {[%clk 0:09:09]} Nd3 {[%clk 0:05:19]} 37. Kh1
{[%clk 0:08:52]} Qd4 {[%clk 0:03:10]} 38. Qf3 {[%clk 0:06:36]} Rf6
{[%clk 0:03:19]} 39. f5 {[%clk 0:06:08]} Kf8 {[%clk 0:03:07]} 40. Qg3
{[%clk 0:06:21]} Rd6 {[%clk 0:02:07]} 41. f6 {[%clk 0:05:25]} Ne5
{[%clk 0:01:12]} 42. h4 {[%clk 0:05:46]} h5 {[%clk 0:00:54]} 43. Qg7+
{[%clk 0:04:56]} Ke8 {[%clk 0:01:24]} 44. a5 {[%clk 0:05:25]} Ng6
{[%clk 0:01:01]} 45. Qg8+ {[%clk 0:04:33]} Nf8 {[%clk 0:01:30]} 46. Qg5
{[%clk 0:04:39]} Ng6 {[%clk 0:01:34]} 47. a6 {[%clk 0:04:05]} bxa6
{[%clk 0:01:51]} 48. Qf5 {[%clk 0:01:32]} Re6 {[%clk 0:01:57]} 49. Qxh5
{[%clk 0:01:14]} Rxf6 {[%clk 0:01:52]} 50. Rd1 {[%clk 0:00:47]} Qf2
{[%clk 0:02:08]} 51. Qg5 {[%clk 0:00:42]} Qxh4+ {[%clk 0:01:35]} 52. Qxh4
{[%clk 0:01:11]} Nxh4 {[%clk 0:01:59]} 53. Bh3 {[%clk 0:01:24]} Nf3
{[%clk 0:00:54]} 54. Ra1 {[%clk 0:01:02]} Nd4 {[%clk 0:00:38]} 55. Rxa6
{[%clk 0:01:13]} Rf3 {[%clk 0:00:49]} 56. Kg2 {[%clk 0:01:09]} Rxb3
{[%clk 0:01:01]} 57. Rxa7 {[%clk 0:01:34]} Re3 {[%clk 0:00:58]} 58. Bd7+
{[%clk 0:01:01]} Kf8 {[%clk 0:01:16]} 59. Ra4 {[%clk 0:01:25]} c5
{[%clk 0:01:19]} 60. Rc4 {[%clk 0:01:42]} Re2+ {[%clk 0:00:47]} 61. Kf1
{[%clk 0:01:31]} Rc2 {[%clk 0:00:56]} 62. Rxc2 {[%clk 0:01:28]} Nxc2
{[%clk 0:01:25]} 63. Ke2 {[%clk 0:01:48]} Ke7 {[%clk 0:01:54]} 64. Bg4
{[%clk 0:01:22]} Kd6 {[%clk 0:01:58]} 65. Kd3 {[%clk 0:01:51]} Nd4
{[%clk 0:01:49]} 66. Kc4 {[%clk 0:02:19]} Nc6 {[%clk 0:01:16]} 67. Be2
{[%clk 0:02:38]} f6 {[%clk 0:01:23]} 68. Bf1 {[%clk 0:03:01]} Ne5+
{[%clk 0:01:45]} 69. Kb5 {[%clk 0:03:13]} Nf3 {[%clk 0:02:10]} 70. Bd3
{[%clk 0:03:06]} Nd2 {[%clk 0:02:27]} 71. Bc2 {[%clk 0:03:28]} Nf3
{[%clk 0:02:06]} 72. Bd3 {[%clk 0:03:51]} Nd4+ {[%clk 0:02:31]} 73. Kc4
{[%clk 0:04:17]} Kc6 {[%clk 0:02:57]} 74. Bf1 {[%clk 0:04:14]} Nf3
{[%clk 0:03:25]} 75. Kd3 {[%clk 0:04:35]} Ne5+ {[%clk 0:03:41]} 76. Kc3
{[%clk 0:04:51]} Kc7 {[%clk 0:02:47]} 77. Be2 {[%clk 0:05:11]} Nd7
{[%clk 0:03:00]} 78. Kc4 {[%clk 0:05:27]} Kc6 {[%clk 0:03:27]} 79. Kc3
{[%cl

[Event "22nd Abu Dhabi Int. Chess Festival  Masters Tourna"]
[Site "Abu Dhabi"]
[Date "2015.08.25"]
[Round "4"]
[Board "19"]
[White "Rohan, Ahuja"]
[Black "Gupta, Abhijeet"]
[Result "0-1"]
[WhiteElo "2389"]
[BlackElo "2619"]
[PlyCount "0"]
[EventDate "2015.08.23"]
[EventRounds "9"]
[EventCountry "UAE"]

1. Nf3 {[%clk 1:30:56]} g6 {[%clk 1:29:45]} 2. g3 {[%clk 1:29:30]} Bg7
{[%clk 1:30:05]} 3. d4 {[%clk 1:29:49]} c5 {[%clk 1:30:27]} 4. c3
{[%clk 1:29:46]} Qa5 {[%clk 1:29:36]} 5. Bg2 {[%clk 1:28:30]} cxd4
{[%clk 1:29:54]} 6. Nxd4 {[%clk 1:28:55]} Nf6 {[%clk 1:30:19]} 7. O-O
{[%clk 1:28:42]} O-O {[%clk 1:30:43]} 8. c4 {[%clk 1:23:31]} Nc6 {[%clk 1:29:30]}
9. Nc3 {[%clk 1:23:53]} Qc5 {[%clk 1:24:41]} 10. Nxc6 {[%clk 1:24:16]} dxc6
{[%clk 1:23:13]} 11. Qb3 {[%clk 1:24:34]} Qh5 {[%clk 1:17:18]} 12. Rd1
{[%clk 1:19:59]} Rb8 {[%clk 1:14:44]} 13. Qa3 {[%clk 0:57:26]} Bh3
{[%clk 0:51:23]} 14. Qxa7 {[%clk 0:48:21]} e5 {[%clk 0:41:16]} 15. f3
{[%clk 0:42:12]} b6 {[%clk 0:38:17]} 16. Qa4 {[%clk 0:30:35]} Rfc8
{[%clk 0:32:07]} 17. Bxh3 {[%clk 0:22:25]} Qxh3 {[%clk 0:32:31]} 18. Be3
{[%clk 0:22:45]} h5 {[%clk 0:31:38]} 19. Bf2 {[%clk 0:18:33]} h4 {[%clk 0:29:54]}
20. Rd6 {[%clk 0:14:38]} hxg3 {[%clk 0:28:59]} 21. hxg3 {[%clk 0:14:58]} e4
{[%clk 0:26:04]} 22. Rxc6 {[%clk 0:08:57]} Re8 {[%clk 0:22:21]} 23. Nxe4
{[%clk 0:05:09]} Rxe4 {[%clk 0:13:34]} 24. Rxf6 {[%clk 0:05:34]} Rxe2
{[%clk 0:07:09]} 25. Rf4 {[%clk 0:05:46]} Rxf2 {[%clk 0:05:03]} 26. Kxf2
{[%clk 0:06:00]} Qh2+ {[%clk 0:05:12]} 27. Ke3 {[%clk 0:06:26]} b5
{[%clk 0:05:22]} 28. cxb5 {[%clk 0:00:43]} Re8+ {[%clk 0:05:16]} 29. Re4
{[%clk 0:01:05]} Bh6+ {[%clk 0:05:29]} 30. Kd4 {[%clk 0:00:34]} Qd2+
{[%clk 0:05:34]} 31. Kc5 {[%clk 0:00:47]} Rc8+ 32. Kd4 0-1